000 00470nam a2200169 a 4500
001 3438
005 20180713183353.0
008 140415s1983 mx 000 0 spa d
041 _aspa
082 _a657.45
_bDEF
100 1 _aDefliese, Philip L.
245 1 0 _aTRATADO MODERNO DE AUDITORIA
250 _a1a ed.
260 _aMEXICO :
_bDEL VALLE DE MEXICO,
_c1983
650 1 4 _aAUDITORIA
700 1 _aJOHNSON, KENNETH P, MACLEOD, RODERICK K.
_ecoaut.
999 _c3438
_d3438